000
00301nam a2200121Ia 4500
008
220204s9999 xx 000 0 und d
082
_a
330.161
_b
HAR
100
_a
Haridass Kapoor
245
0
_a
Kapoor's interest calculator
250
_a
Ed.27
260
_a
New Delhi
_b
H P J Kapoor
_c
1976
942
_c
BK
999
_c
24204
_d
24204